Представление документа в формате MARC21

Поле Инд. ПП Название Значение
Тип записи a
Библиографический уровень m
001 Контрольный номер 156cbe61435045798f13e5b617c03eb1
005 Дата корректировки 20260330163213.5
080 a Индекс УДК 711
080 a Индекс УДК 711.4
084 a Индекс другой классификации/Индекс ББК Щ118
084 a Индекс другой классификации/Индекс ББК Щ118.2
090 a Полочн. индекс Щ11
x Авторский знак М 13
097 b Оператор *Ж*
100 1_ a Автор Мазаев Г.В.
245 10 a Заглавие *Компактный город: теория и практика
245 10 c Ответственность Мазаев Г.В.
260 a Место издания Екатеринбург
b Издательство Tatlin
c Дата издания 2024
655 a Жанр/ форма (устаревшее) *Н*
901 t Тип документа m
922 d Кафедра (список) Конструкции и сооружения
952 e Факультет *ИСФ*
952 a Тип литературы для КСУ ВШ *Н*
990 c Приоритет заказа (DOS) *д*
f Даты поступлений (DOS) 09.01.25
g Размещение заказа (DOS) пожертвование православного Прихода Успенского
h N записи в КСУ для Б/У (DOS) 1/2025
j Количество экземпляров (DOS) 1